| 000 | 01585nam a2200313 a 4500 | ||
|---|---|---|---|
| 001 | ASIN1741797756 | ||
| 005 | 20170105102927.0 | ||
| 008 | 131212s2012 xxu eng d | ||
| 020 |
_a1741797756 (paperback) _c$19.99 |
||
| 020 | _a9781741797756 (paperback) | ||
| 040 | _a0 | ||
| 050 | 0 | 4 | _aDS54.A288 |
| 082 | 0 | 4 |
_a915.693044 _bQUI 2012 |
| 100 | 1 | _aQuintero, Josephine. | |
| 245 | 1 | 0 |
_aLonely planet cyprus / _cJosephine Quintero, Matthew Charles. |
| 250 | _a5th ed. | ||
| 260 |
_a[S.l.] : _bLonely Planet, _c2012. |
||
| 300 |
_a280 p. ; _c20 cm. |
||
| 490 | 1 | _aCountry guide. | |
| 520 | _a“A fractured identity, a passionate people, and lifestyle, culture and landscape that capture the imagination, providing plenty of surprises.” – Josephine Quintero, Lonely Planet Writer Our Promise You can trust our travel information because Lonely Planet authors visit the places we write about, each and every edition. We never accept freebies for positive coverage so you can rely on us to tell it like it is. Inside This Book… 2 authors 7 weeks of on-the-ground research 30+archaeological ruins Countless meze dishes Inspirational photos Clear, easy-to-use maps In-depth background At-a-glance practical info Comprehensive planning tools Easy-to-read layout. | ||
| 650 | 0 | _aCyprus | |
| 650 | 0 | _aHome ownership | |
| 650 | 0 | _aHouse buying | |
| 650 | 0 | _aReal property--Foreign ownership | |
| 700 | 1 | _aCharles, Matthew. | |
| 830 | 0 | _aCountry guide. | |
| 856 | 4 | 0 |
_3Amazon.com _uhttp://www.amazon.com/exec/obidos/ASIN/1741797756/chopaconline-20 |
| 942 |
_2ddc _cBK |
||
| 999 |
_c15859 _d15859 |
||